Prevencia kriminality v pôsobnosti MV SR Zborník zo seminára konaného 1. a 2.12.1993 v Akadémii Policajného zboru v Bratislave
Enregistré dans:
| Autres auteurs: | |
|---|---|
| Format: | Livre |
| Langue: | slovaque |
| Publié: |
Bratislava
Minist. vnútra SR
1994
|
| Édition: | 1. vyd. |
| Sujets: | |
| Tags: |
Pas de tags, Soyez le premier à ajouter un tag!
|
MARC
| LEADER | 00000nam a2200000 4500 | ||
|---|---|---|---|
| 001 | c005336 | ||
| 005 | 20221214074716.2 | ||
| 041 | 0 | |a slo | |
| 044 | |a SK | ||
| 245 | 1 | 0 | |a Prevencia kriminality v pôsobnosti MV SR |b Zborník zo seminára konaného 1. a 2.12.1993 v Akadémii Policajného zboru v Bratislave |c Hl. zost. Ján Bubelíni |
| 250 | |a 1. vyd. | ||
| 264 | 1 | |a Bratislava |b Minist. vnútra SR |c 1994 | |
| 300 | |a 304 s. | ||
| 610 | 2 | 0 | |a kriminalita |
| 610 | 2 | 0 | |a prevencia |
| 610 | 2 | 0 | |a prognózy |
| 610 | 2 | 0 | |a polícia |
| 610 | 2 | 0 | |a Slovensko |
| 700 | 1 | |a Bubelíni, Ján | |